Le dossier de la cybernétique : utopie ou science de demain dans le monde d'aujourd'hui? /
Guardado en:
| Otros Autores: | |
|---|---|
| Formato: | Libro |
| Idioma: | French |
| Publicado: |
Verviers [Bélgica] :
Gérard,
1968.
|
| Series: | Marabout université ;
150 |
| Materias: | |
| Etiquetas: |
Agregar Etiqueta
Sin Etiquetas, Sea el primero en etiquetar este registro!
|
| LEADER | 00826cam a22001811a 4500 | ||
|---|---|---|---|
| 001 | MAT.inmabb002332 | ||
| 008 | 880204s1968####be#ac#########000#0#fre#d | ||
| 005 | 20160622124747.0 | ||
| 245 | 0 | 3 | |a Le dossier de la cybernétique : |b utopie ou science de demain dans le monde d'aujourd'hui? / |c [textes réalisés sous la supervision scientifique de Georges R. Boulanger]. |
| 260 | |a Verviers [Bélgica] : |b Gérard, |c 1968. | ||
| 300 | |a 316 p. : |b il., retr. ; |c 18 cm. | ||
| 490 | 0 | |a Marabout université ; |v 150 | |
| 500 | |a "Les textes ... ont été publiés en 1967 dans les quatre numéros de la 'BP Review' consacrés à la cybernétique." | ||
| 700 | 1 | |a Boulanger, Georges R. |4 edt | |
| 650 | 0 | |a Cybernetics. | |
| 084 | |a 00A30 (00A05 00-01 00B45 03B70 68Q70 68T01) |2 msc2000 | ||
| 010 | |a 68137754 | ||
| 859 | |h 68 |i D724 |p A-8103 |b BIB. MATEMATICA | ||
